000 02832nam a22003017a 4500
003 OSt
005 20251027084735.0
007 cr ||||||a|c|a
008 221116s2021 mx a|||fom||| 001 0 spa d
040 _erda
100 _9185650
_aVárgas Espíndola, Zadya Franscellia de San José
245 1 _aCapacidades municipales y pobreza rural /
_cpor Zadya Franscellia de San José Várgas Espíndola, director de tesis Manrrubio Muñoz Rodríguez.
264 _aChapingo, México :
_bEl autor,
_c2021.
300 _a1 recurso en línea (198 páginas).
336 _2rdacontent
_atexto
_btxt
337 _2rdamedia
_acomputadora
_bc
338 _2rdacarrier
_arecurso en línea
_bcr
502 _bDCPEA
_cCIESTAAM
_d2021.
_gDOC
504 _aIncluye referencias bibliográficas: páginas 9-10,62-73,93-95,130-136,158-161,173-174.
520 _aEl interés de esta investigación se centra en identificar los elementos del contexto territorial municipal que contribuyen a la presencia de la pobreza rural. Se utilizó un enfoque ecológico que reconoce la importancia del contexto y su complejidad en el desarrollo de las personas. Se diseñó un proceso de tres fases. Primera, se propuso una clasificación de los municipios utilizando como criterio el grado de accesibilidad a carretera pavimentada, concluyendo que una mejor accesibilidad se relaciona con menores condiciones de pobreza rural y urbana. Segunda, se definió un modelo factorial general para explicar las relaciones causales entre las carencias en necesidades básicas, el deterioro del bienestar económico y las capacidades institucionales municipales. En este último factor, se tomaron en cuenta indicadores que expresan las capacidades para presupuestar, gestionar e implementar, así como para reglamentar y rendir cuentas, entre otros. El modelo reveló que estas capacidades impactan directa y positivamente en el bienestar económico, lo que a su vez se refleja en una mejora de las necesidades básicas de la población. Tercera, se realizó un análisis multigrupo utilizando la clasificación municipal propuesta, concluyendo que la debilidad de las capacidades municipales en los municipios rurales explica la mayor incidencia de la pobreza. Esta investigación destaca la necesidad de diseñar políticas públicas tendientes a fortalecer las capacidades locales como condición básica para impulsar el desarrollo.
650 7 _931995
_aDesarrollo de la comunidad rural
650 4 _989454
_aPoblación rural
_xPobreza
650 7 _940948
_aFinanzas municipales
650 7 _912635
_aBienestar social
700 1 _aMuñoz Rodríguez, Manrrubio
_eDirector de Tesis.
_979670
856 _uhttp://10.13.5.2/tesis/td/2021_CI_Vargas_Espindola_ZadyaFranscelliadeSanJose.pdf
_zDESCARGAR PDF
942 _2Clasificación Universidad Autónoma Chapingo
_cTD
999 _c217803
_d217803